[Event "Mechanics' Whitehead TNM; 30/90, SD/30"]
[Site "San Francisco"]
[Date "2014.08.19"]
[Round "3.16"]
[White "Hack, Richard"]
[Black "Goins, Demetrius"]
[Result "0-1"]
[WhiteElo "1570"]
[BlackElo "2159"]
[PlyCount "90"]
[EventDate "2014.??.??"]

1. e4 e5 2. Nf3 Nc6 3. Bb5 a6 4. Ba4 Nf6 5. O-O b5 6. Bb3 Be7 7. Re1 O-O 8. c3
d5 9. exd5 Nxd5 10. h3 Bf6 11. d3 Bf5 12. Qe2 h6 13. Be3 Re8 14. Rd1 Qd6 15. c4
Ndb4 16. Ne1 Rad8 17. cxb5 axb5 18. Nc3 Nd4 19. Qd2 Nxb3 20. axb3 c6 21. Ne4
Bxe4 22. dxe4 Qxd2 23. Rxd2 Be7 24. Rad1 Rxd2 25. Rxd2 Bg5 26. Bxg5 hxg5 27.
Nc2 Nxc2 28. Rxc2 Re6 29. Kf1 Kf8 30. Ke2 Ke7 31. Rd2 Rd6 32. Rxd6 Kxd6 33. Kd3
c5 34. Kc3 Ke6 35. b4 c4 36. b3 cxb3 37. Kxb3 f5 38. f3 fxe4 39. fxe4 g4 40. h4
g3 41. Kc3 Kf6 42. Kd3 Kg6 43. h5+ Kxh5 44. Ke3 Kg4 45. Ke2 Kf4 0-1

[Event "Mechanics' Fall TNM; 30/90, SD/30"]
[Site "San Francisco"]
[Date "2014.11.18"]
[Round "4.22"]
[White "Hack, Richard"]
[Black "Hakobyan, Sos"]
[Result "0-1"]
[WhiteElo "1664"]
[BlackElo "1953"]
[Annotator "Donaldson"]
[PlyCount "84"]
[EventDate "2014.??.??"]

1. e4 e6 2. d4 d5 3. Nc3 Nf6 4. e5 Nfd7 5. f4 c5 6. Nf3 Nc6 7. Be3 Be7 8. Be2
O-O 9. O-O a6 10. Qd2 b5 11. a3 Qb6 12. Rad1 Na5 13. f5 $1 cxd4 14. Bxd4 (14.
Nxd4) 14... Bc5 15. f6 $1 Bxd4+ 16. Nxd4 Nxe5 17. Qg5 Ng6 18. fxg7 Kxg7 19.
Qf6+ Kg8 20. Nxd5 $1 Qd8 21. Qxd8 Rxd8 22. Nf6+ (22. Nc7 Ra7 (22... Rb8 23. b4
$18) 23. Ndxb5 Rxd1 24. Rxd1 axb5 25. Rd8+ Kg7 26. Rxc8 $18) 22... Kg7 23.
Nxe6+ $4 (23. Nh5+ Kf8 24. Bf3 $16) 23... Bxe6 24. Bf3 Rxd1 25. Rxd1 Rc8 26.
Nh5+ Kf8 27. c3 Ne5 28. Be4 Bg4 29. Rd5 Bxh5 30. Rxe5 Bg6 31. Bf3 Nc4 32. Re2
Bd3 33. Re1 Nxb2 34. Bb7 Rxc3 35. Bxa6 Rxa3 36. Bb7 b4 37. Bc6 Rc3 38. Re8+ Kg7
39. Bd5 Bc4 40. Bf3 Nd3 41. Kf1 Rc1+ 42. Ke2 Re1+ 0-1

[Event "Mechanics' Fall TNM; 30/90, SD/30"]
[Site "San Francisco"]
[Date "2014.12.02"]
[Round "6.25"]
[White "Hack, Richard"]
[Black "Lamstein, Joshua"]
[Result "1-0"]
[WhiteElo "1664"]
[BlackElo "1348"]
[PlyCount "121"]
[EventDate "2014.??.??"]

1. e4 c5 2. Nf3 Nc6 3. d4 cxd4 4. Nxd4 g6 5. Be3 Bg7 6. Nc3 a6 7. Bc4 Nf6 8.
Bb3 d6 9. f3 Bd7 10. Qd2 O-O 11. O-O-O b5 12. Nxc6 Bxc6 13. Bh6 a5 14. Bxg7
Kxg7 15. Qd4 Kg8 16. Nd5 Nxd5 17. Bxd5 Bxd5 18. Qxd5 Qb6 19. Qd2 Rac8 20. h4 b4
21. h5 b3 22. axb3 Qxb3 23. Kb1 Qb5 24. hxg6 fxg6 25. Qd5+ Qxd5 26. Rxd5 Ra8
27. Re1 Kf7 28. Red1 Rfc8 29. e5 dxe5 30. Rxe5 Rc7 31. Red5 Rac8 32. c3 Rb7 33.
Ka2 Rcb8 34. R1d2 a4 35. Rd7 Rb6 36. Re2 Re6 37. Rxe6 Kxe6 38. Rd4 Kf5 39. Ka3
e5 40. Rxa4 Rd8 41. b4 h5 42. b5 g5 43. b6 Rb8 44. Rb4 g4 45. fxg4+ hxg4 46.
Kb2 e4 47. Kc2 Kf4 48. Kd2 Kg3 49. c4 Kxg2 50. c5 Kf2 51. Rxe4 Rd8+ 52. Kc3 g3
53. Kc4 g2 54. Rg4 g1=Q 55. Rxg1 Kxg1 56. c6 Kf2 57. c7 Rc8 58. Kc5 Ke3 59. Kc6
Kd4 60. Kb7 Rf8 61. c8=Q 1-0

[Event "Mechanics' Whitehead TNM; 30/90, SD/30"]
[Site "San Francisco"]
[Date "2014.08.05"]
[Round "1.7"]
[White "Hack, Richard"]
[Black "Nagarajan, Pranav"]
[Result "0-1"]
[WhiteElo "1570"]
[BlackElo "2157"]
[PlyCount "50"]
[EventDate "2014.??.??"]

1. e4 c5 2. Nf3 Nc6 3. d4 cxd4 4. Nxd4 g6 5. Nc3 Bg7 6. Be3 Nf6 7. f3 O-O 8.
Bc4 Qb6 9. Qd2 Nxe4 10. Nxc6 Nxd2 11. Nxe7+ Kh8 12. Bxb6 Nxc4 13. Bc7 Bxc3+ 14.
bxc3 Re8 15. O-O-O Rxe7 16. Rd4 d5 17. Bd8 Re2 18. Bf6+ Kg8 19. g4 Be6 20. h4
Rc8 21. h5 Rc6 22. hxg6 fxg6 23. Kd1 Rf2 24. Rf4 Rb6 25. Ke1 Rxc2 0-1

[Event "Mechanics' Spring TNM; 30/90, SD/30"]
[Site "San Francisco"]
[Date "2014.04.08"]
[Round "4.29"]
[White "Hack, Richard"]
[Black "Reyes, Robert"]
[Result "0-1"]
[WhiteElo "1594"]
[BlackElo "1383"]
[Annotator "Donaldson"]
[PlyCount "42"]
[EventDate "2014.??.??"]

1. e4 e6 2. d4 d5 3. Nc3 Nf6 4. e5 Nfd7 5. f4 c5 6. Nf3 Nc6 7. Be3 cxd4 8. Nxd4
Nxd4 9. Bxd4 Bc5 10. Bxc5 Nxc5 11. Qg4 O-O 12. O-O-O f5 13. Qf3 (13. exf6 Qxf6
14. g3 $11) 13... Qa5 14. Rd4 $6 (14. Kb1) 14... Bd7 15. Kb1 Ne4 16. Nd1 $4 (
16. Nxe4 fxe4 17. Qe3 $15) 16... Nd2+ 17. Rxd2 Qxd2 18. c3 Qe1 19. Kc1 Qe4 20.
Qg3 Qa4 21. Kb1 $4 Qxd1# 0-1

[Event "Mechanics' Spring TNM; 30/90, SD/30"]
[Site "San Francisco"]
[Date "2014.03.25"]
[Round "2.26"]
[White "Hack, Richard"]
[Black "Schlosberg, Mark"]
[Result "1-0"]
[WhiteElo "1594"]
[BlackElo "1289"]
[PlyCount "57"]
[EventDate "2014.??.??"]

1. e4 c5 2. Nf3 g6 3. d4 cxd4 4. Nxd4 e5 5. Nf3 Nf6 6. Bg5 Be7 7. Nc3 Bb4 8.
Bd3 Bxc3+ 9. bxc3 Nc6 10. Qd2 O-O 11. O-O d6 12. h3 Be6 13. Nh2 a6 14. Kh1 b5
15. f4 Bc4 16. fxe5 Bxd3 17. Bxf6 Nxe5 18. Bxd8 Raxd8 19. cxd3 Kg7 20. Ng4 Nxg4
21. hxg4 Rfe8 22. Qg5 Rd7 23. Rf3 Re6 24. Rh3 f6 25. Qh6+ Kg8 26. Rf1 Rf7 27.
Rhf3 a5 28. g5 b4 29. Rxf6 1-0

[Event "Mechanics' Fall TNM; 30/90, SD/30"]
[Site "San Francisco"]
[Date "2014.10.28"]
[Round "2.18"]
[White "Hack, Richard"]
[Black "Steger, Eric"]
[Result "0-1"]
[WhiteElo "1664"]
[BlackElo "1989"]
[PlyCount "48"]
[EventDate "2014.??.??"]

1. e4 e5 2. Nf3 Nc6 3. Bb5 a6 4. Ba4 Nf6 5. O-O b5 6. Bb3 Be7 7. Re1 d6 8. h3
Na5 9. d4 exd4 10. Nxd4 c5 11. Bxf7+ Kxf7 12. Nf3 Rf8 13. Bg5 Bb7 14. Nbd2 Kg8
15. Qe2 Nd7 16. h4 h6 17. Bxe7 Qxe7 18. Rad1 Ne5 19. Nxe5 dxe5 20. Qh5 Rad8 21.
f3 Nc6 22. c3 c4 23. Nf1 Kh7 24. g3 g6 0-1

[Event "Mechanics' Whitehead TNM; 30/90, SD/30"]
[Site "San Francisco"]
[Date "2014.09.30"]
[Round "9.28"]
[White "Hack, Richard"]
[Black "Wishard, Bruce"]
[Result "1-0"]
[WhiteElo "1570"]
[BlackElo "1412"]
[PlyCount "75"]
[EventDate "2014.??.??"]

1. e4 e5 2. Nf3 Nc6 3. Bb5 Bc5 4. c3 Nge7 5. d4 Bb6 6. d5 a6 7. Bd3 Na7 8. Nxe5
f6 9. Nc4 O-O 10. O-O d6 11. Nxb6 cxb6 12. Be3 b5 13. Nd2 Ng6 14. f4 Qe8 15.
Qe2 Bd7 16. Rae1 f5 17. Qh5 Ne7 18. Qg5 Rf6 19. Bd4 Rg6 20. Qh4 Rh6 21. Qf2 Qg6
22. Bxa7 Qh5 23. Nf3 Re8 24. g3 Qg6 25. Ng5 fxe4 26. Bxe4 Nf5 27. g4 Qf6 28.
gxf5 Bxf5 29. Bd4 Qf8 30. Bxf5 Rxe1 31. Rxe1 Qd8 32. Be6+ Kf8 33. Qc2 Rh4 34.
Qf5+ Qf6 35. Bxf6 g6 36. Be7+ Kxe7 37. Qf7+ Kd8 38. Qd7# 1-0

[Event "Mechanics' Fall TNM; 30/90, SD/30"]
[Site "San Francisco"]
[Date "2014.12.16"]
[Round "8.11"]
[White "Hakobyan, Sos"]
[Black "Andries, Craig"]
[Result "0-1"]
[WhiteElo "1953"]
[BlackElo "1947"]
[PlyCount "102"]
[EventDate "2014.??.??"]

1. e4 g6 2. Nf3 Bg7 3. d4 d6 4. Be3 Nd7 5. Be2 c6 6. Nc3 Qb6 7. Rb1 a5 8. a4 e6
9. O-O d5 10. Qd2 Ne7 11. Bh6 O-O 12. e5 c5 13. dxc5 Nxc5 14. Bxg7 Kxg7 15. Ne1
Bd7 16. b3 Qb4 17. Nd3 Nxd3 18. Qxd3 Rac8 19. Nb5 Bxb5 20. axb5 Rc3 21. Qd2 h6
22. Bd3 Rfc8 23. Rfd1 Qd4 24. Qe2 Qh4 25. Ra1 b6 26. Ra4 Qh5 27. g4 Qh4 28. Qf3
Ng8 29. Rf4 Qe7 30. Qe3 Qc5 31. Qf3 Rc7 32. h4 Qe7 33. Qg3 R7c5 34. g5 h5 35.
Qe3 Rxb5 36. Qd2 Rb4 37. Bc4 Rcxc4 38. bxc4 dxc4 39. Qd7 Rb1 40. Kg2 Rxd1 41.
Qxd1 Qb7+ 42. f3 b5 43. Qd8 a4 44. Qa5 Ne7 45. Kg3 Nf5+ 46. Kh3 Qd5 47. Qc7 Qd1
48. Rxf5 gxf5 49. Qe7 Qxf3+ 50. Kh2 Qf4+ 51. Kg2 Qxe5 0-1

[Event "Mechanics' Spring TNM; 30/90, SD/30"]
[Site "San Francisco"]
[Date "2014.04.29"]
[Round "7.8"]
[White "Hakobyan, Sos"]
[Black "Askin, Michael"]
[Result "0-1"]
[WhiteElo "1787"]
[BlackElo "1903"]
[PlyCount "80"]
[EventDate "2014.??.??"]

1. e4 c6 2. d4 d5 3. e5 Bf5 4. Nf3 e6 5. Bd3 Bxd3 6. Qxd3 c5 7. c3 Qb6 8. O-O
Nc6 9. a4 Nge7 10. dxc5 Qxc5 11. Be3 Qa5 12. Qb5 Qc7 13. Bf4 Ng6 14. Bg3 h5 15.
h4 Be7 16. Kh2 a6 17. Qe2 Qd8 18. Kh3 Nxh4 19. Bxh4 Bxh4 20. Nxh4 g5 21. f4
gxh4 22. Qf2 Rg8 23. Nd2 Rg3+ 24. Kh2 Ne7 25. c4 Nf5 26. cxd5 Ne3 27. Ne4 Ng4+
28. Kg1 Nxf2 29. Nf6+ Kf8 30. Rxf2 Rg6 31. Nxh5 Qxd5 32. Raf1 h3 33. g3 Ke7 34.
f5 exf5 35. Nf4 h2+ 36. Rxh2 Rxg3+ 37. Kf2 Qf3+ 38. Ke1 Qe3+ 39. Re2 Qc1+ 40.
Kf2 Qxf4+ 0-1

[Event "Mechanics' Spring TNM; 30/90, SD/30"]
[Site "San Francisco"]
[Date "2014.04.22"]
[Round "6.14"]
[White "Hakobyan, Sos"]
[Black "Bekhtur, Bayaraa"]
[Result "1-0"]
[WhiteElo "1787"]
[BlackElo "1878"]
[Annotator "Donaldson"]
[PlyCount "139"]
[EventDate "2014.??.??"]

1. e4 e5 2. Nf3 d6 3. d4 exd4 4. Nxd4 Be7 5. Bc4 Nf6 6. Nc3 O-O 7. Bf4 c6 8.
Qd2 Nxe4 9. Bxf7+ Rxf7 10. Nxe4 d5 11. Ng3 Na6 12. O-O Bd7 13. Rfe1 Qf8 14. Ne6
Bxe6 15. Rxe6 Bb4 16. c3 Rxf4 17. cxb4 Rxb4 18. Rae1 Rf4 19. Re7 Rf7 20. Qg5
Rxe7 21. Rxe7 h6 $2 (21... Re8 $17) 22. Qe5 $16 Qf6 23. Qxf6 gxf6 24. Rxb7 Re8
25. Kf1 Nc5 26. Rc7 (26. Rxa7) 26... d4 27. Rxc6 d3 28. Rd6 Rb8 29. b3 a5 30.
Rd5 Rc8 31. Nf5 Kh7 32. Ke1 Ne4 33. Rd7+ Kh8 34. Rxd3 Rc2 35. f3 Nc3 36. Rd2
Rc1+ 37. Kf2 Ra1 38. a4 Rb1 39. Nd4 Kg7 40. Rd3 Rb2+ 41. Kg3 Ne2+ 42. Nxe2 Rxe2
43. Rd5 Rb2 44. Rb5 Kg6 45. h4 h5 46. f4 f5 47. Rb6+ Kf7 48. Kf3 Rc2 49. Ke3
Rxg2 50. Rb5 Ke6 51. Rxa5 Rg3+ 52. Kd4 Rxb3 53. Ra6+ Kd7 54. Ke5 Rh3 55. Kxf5
Rxh4 56. Kg5 Rg4+ 57. Kf5 Rg1 58. Rh6 Ra1 59. Rxh5 Rxa4 60. Kg5 Ra1 61. Kf6 Rg1
62. Re5 Kd6 63. Re2 Rf1 64. f5 Kd7 65. Kg6 Rf3 66. f6 Rg3+ 67. Kf7 Rg5 68. Rd2+
Kc6 69. Ke7 Ra5 70. f7 1-0

[Event "Mechanics' Spring TNM; 30/90, SD/30"]
[Site "San Francisco"]
[Date "2014.03.25"]
[Round "2.6"]
[White "Hakobyan, Sos"]
[Black "Byambaa, Uyanga"]
[Result "0-1"]
[WhiteElo "1787"]
[BlackElo "2136"]
[PlyCount "87"]
[EventDate "2014.??.??"]

1. e4 c5 2. Nf3 d6 3. d4 cxd4 4. Qxd4 a6 5. Nc3 Nc6 6. Qd2 Nf6 7. h3 g6 8. Bd3
Bg7 9. O-O O-O 10. Re1 b5 11. Ne2 Bb7 12. Ng3 Nd7 13. c3 Rc8 14. a4 Na5 15. Qe2
Nb3 16. Ra3 Nxc1 17. Rxc1 b4 18. Ra2 bxc3 19. bxc3 Nc5 20. c4 a5 21. h4 Bc6 22.
Bc2 Qd7 23. Qd2 Ra8 24. h5 Bxa4 25. hxg6 hxg6 26. Qf4 Bxc2 27. Rcxc2 Rfb8 28.
Rd2 Rb1+ 29. Kh2 f6 30. Ne2 g5 31. Qf5 Qxf5 32. exf5 Kf7 33. Nc3 Rh8+ 34. Kg3
Rb3 35. Nd5 Ne4+ 36. Kg4 Nxd2 37. Rxd2 a4 38. Ra2 a3 39. g3 Ra8 40. Nd4 Rb2 41.
Ra1 Ra4 42. Ne3 a2 43. Kf3 Rb1 44. Ndc2 0-1

[Event "Mechanics' Whitehead TNM; 30/90, SD/30"]
[Site "San Francisco"]
[Date "2014.09.02"]
[Round "5.18"]
[White "Hakobyan, Sos"]
[Black "Casares, Nick"]
[Result "1-0"]
[WhiteElo "1953"]
[BlackElo "1600"]
[Annotator "Donaldson"]
[PlyCount "73"]
[EventDate "2014.??.??"]

1. e4 e5 2. Nf3 Nc6 3. Bc4 Nf6 4. d3 Be7 5. c3 d5 6. exd5 Nxd5 7. Qe2 Bg4 8. h3
Bxf3 9. Qxf3 Nf6 10. Bg5 e4 11. dxe4 Ne5 12. Qe2 O-O 13. Bxf6 Bxf6 14. O-O c6
15. Bb3 Be7 16. Bc2 b5 17. Nd2 Bc5 18. Kh1 Qc7 19. f4 Ng6 20. e5 f5 21. Qh5 Be3
22. Bb3+ Kh8 23. Nf3 Bxf4 24. e6 Qe7 25. Nd4 Qc5 26. Bc2 Bh6 27. Rxf5 Rxf5 28.
Qxf5 Qe7 29. Nxc6 Qd6 30. Nd4 Rf8 31. Qxb5 Qg3 32. Ne2 Qf2 33. Bxg6 hxg6 34. e7
Rf3 35. e8=Q+ Kh7 36. Qbc6 Re3 37. Qcxg6# 1-0

[Event "Mechanics' Fall TNM; 30/90, SD/30"]
[Site "San Francisco"]
[Date "2014.11.04"]
[Round "3.13"]
[White "Hakobyan, Sos"]
[Black "Cheung, Aaron"]
[Result "0-1"]
[WhiteElo "1953"]
[BlackElo "1597"]
[PlyCount "104"]
[EventDate "2014.??.??"]

1. e4 e5 2. Nf3 Nc6 3. Bc4 Bc5 4. c3 Nf6 5. d4 exd4 6. cxd4 Bb4+ 7. Bd2 Bxd2+
8. Nbxd2 d5 9. exd5 Nxd5 10. O-O O-O 11. Rc1 Nb6 12. Ne4 Nxc4 13. Rxc4 Qd5 14.
Qc2 Bf5 15. Re1 Rfe8 16. Nfd2 Nxd4 17. Qa4 Nc6 18. Rcc1 Bxe4 19. Nxe4 Rad8 20.
Nc3 Rxe1+ 21. Rxe1 Qd2 22. Rd1 Qg5 23. Re1 Qd2 24. Rd1 Qg5 25. Rf1 h6 26. Nb5
Qe5 27. Nc3 Qd4 28. Qb5 Qb4 29. Qxb4 Nxb4 30. a3 Nc6 31. Nb5 Rd7 32. f4 a6 33.
Nc3 Rd2 34. Rf2 Rxf2 35. Kxf2 Na5 36. Kf3 Nc4 37. Nd1 f5 38. g4 Nd2+ 39. Ke2
Nc4 40. gxf5 Kf7 41. Kf3 Kf6 42. Kg4 b5 43. h4 c5 44. h5 b4 45. axb4 cxb4 46.
b3 Nd2 47. Ne3 Nxb3 48. Nd5+ Kf7 49. Nxb4 a5 50. Nc6 a4 51. Ne5+ Kf6 52. Nd7+
Ke7 0-1

[Event "Mechanics' Fall TNM; 30/90, SD/30"]
[Site "San Francisco"]
[Date "2014.10.21"]
[Round "1.22"]
[White "Hakobyan, Sos"]
[Black "Cole, Tony"]
[Result "1-0"]
[WhiteElo "1953"]
[BlackElo "1417"]
[PlyCount "71"]
[EventDate "2014.??.??"]

1. e4 e5 2. Nf3 Nc6 3. Bc4 h6 $6 4. d4 exd4 5. Nxd4 Qf6 6. Be3 a6 $6 7. Nc3 Bb4
8. O-O Nge7 9. Nd5 Nxd5 10. Bxd5 Ne5 11. f4 Ng6 12. Nf5 d6 13. Bd4 Bc5 14. Bxc5
dxc5 15. Qd3 Ne7 16. Nxe7 Qxe7 17. f5 Qe5 18. Qb3 O-O 19. Rad1 c6 {Diagram #}
20. Bxf7+ $1 Kh8 21. Bg6 Qe7 22. Rde1 b5 23. c4 b4 24. Qf3 Be6 25. b3 Bf7 26.
Bxf7 Rxf7 27. e5 Rc8 28. Qh5 Qd7 29. e6 Qd4+ 30. Kh1 Re7 31. f6 gxf6 32. Qxh6+
Rh7 33. Qxf6+ Qxf6 34. Rxf6 Re8 35. g3 Rg8 36. e7 1-0

[Event "Mechanics' Whitehead TNM; 30/90, SD/30"]
[Site "San Francisco"]
[Date "2014.08.19"]
[Round "3.19"]
[White "Hakobyan, Sos"]
[Black "Furukawa, Jon"]
[Result "1/2-1/2"]
[WhiteElo "1953"]
[BlackElo "1531"]
[PlyCount "92"]
[EventDate "2014.??.??"]

1. Nf3 Nc6 2. d4 d5 3. c4 e6 4. Nc3 Nf6 5. Bf4 a6 6. e3 Bb4 7. a3 Bxc3+ 8. bxc3
Ne4 9. Qc2 O-O 10. Bd3 f5 11. Ne5 Qh4 12. Nxc6 bxc6 13. cxd5 cxd5 14. Bxe4 fxe4
15. Bxc7 Bd7 16. Bg3 Qh5 17. a4 Rac8 18. Ra3 Rc4 19. Bd6 Rfc8 20. O-O R4c6 21.
Bc5 e5 22. f4 exf3 23. Rxf3 Rg6 24. Qf2 h6 25. Ra1 Kh7 26. a5 Bh3 27. Rg3 Bd7
28. Rxg6 Qxg6 29. Bb4 exd4 30. exd4 Re8 31. Qf3 Qf5 32. Qxf5+ Bxf5 33. Kf2 Re6
34. Ra2 Bd3 35. Rd2 Be4 36. g3 Kg6 37. c4 Rf6+ 38. Ke1 dxc4 39. d5 Bd3 40. Rf2
Rxf2 41. Kxf2 Kf7 42. Ke3 Ke8 43. Kd4 Kd7 44. Bf8 g5 45. Bxh6 g4 46. Bd2 Be2 {
and drawn some 50 moves later.} 1/2-1/2

[Event "Mechanics' Whitehead TNM; 30/90, SD/30"]
[Site "San Francisco"]
[Date "2014.09.16"]
[Round "7.6"]
[White "Hakobyan, Sos"]
[Black "Goins, Demetrius"]
[Result "0-1"]
[WhiteElo "1953"]
[BlackElo "2159"]
[PlyCount "86"]
[EventDate "2014.??.??"]

1. e4 c5 2. Nf3 d6 3. d4 cxd4 4. Qxd4 e6 5. Nc3 Bd7 6. Bg5 Nf6 7. Bxf6 gxf6 8.
Bb5 Bxb5 9. Nxb5 Nc6 10. Qa4 Rg8 11. g3 Qb6 12. O-O-O O-O-O 13. Nfd4 Rg5 14.
Nxc6 bxc6 15. Nd4 Kc7 16. Kb1 Ra5 17. Qb3 Qa6 18. Qd3 Rxa2 19. Qxa6 Rxa6 20. c3
Rb8 21. Rd2 c5 22. Ne2 Bh6 23. Rc2 Ra4 24. c4 Rbb4 25. Nc3 Ra5 26. Nb5+ Kd7 27.
Rd1 Bf8 28. f4 Ra6 29. e5 fxe5 30. fxe5 d5 31. Rf1 f5 32. exf6 d4 33. Rf3 Raa4
34. Na3 Rb6 35. Re2 Rab4 36. Ka2 e5 37. Rf5 e4 38. Rd5+ Ke6 39. Rxe4+ Kxf6 40.
Re2 Bh6 41. Rxc5 d3 42. Rf2+ Ke6 43. Rd5 d2 0-1

[Event "Mechanics' Spring TNM; 30/90, SD/30"]
[Site "San Francisco"]
[Date "2014.04.08"]
[Round "4.10"]
[White "Hakobyan, Sos"]
[Black "Ostrovsky, Sergey"]
[Result "0-1"]
[WhiteElo "1787"]
[BlackElo "1983"]
[PlyCount "94"]
[EventDate "2014.??.??"]

1. e4 c5 2. Nf3 d6 3. Nc3 Nc6 4. Bc4 g6 5. d4 cxd4 6. Nxd4 Bg7 7. Be3 Nf6 8.
Qd2 O-O 9. O-O Ng4 10. Nf3 Nxe3 11. Qxe3 Qa5 12. Rfd1 Bg4 13. Rd5 Qb4 14. Bb3
Bxf3 15. a3 Qb6 16. Qxb6 axb6 17. gxf3 Ra5 18. Rxa5 bxa5 19. Rd1 Be5 20. Rd3 g5
21. Nd1 Nd4 22. Nc3 e6 23. a4 Rc8 24. Nb5 Nxb5 25. axb5 Rc5 26. c4 Kf8 27. Rd2
Ke7 28. h3 Kd7 29. Kf1 Kc7 30. Ke2 Kb6 31. Ba2 Rc8 32. b3 Kc5 33. Kd3 Kb4 34.
Kc2 {Diagram #} Rg8 $1 35. Rd1 Rg6 36. Rg1 Rf6 37. Rxg5 Rxf3 38. Rg2 Rxh3 39.
Kd2 Ka3 40. Bb1 Kxb3 41. Bd3 Rh2 42. Rg8 Rxf2+ 43. Ke3 Rh2 44. Rb8 d5 45. Rxb7
dxc4 46. Rxf7 cxd3 47. Kxd3 a4 0-1

[Event "Mechanics' Fall TNM; 30/90, SD/30"]
[Site "San Francisco"]
[Date "2014.12.02"]
[Round "6.7"]
[White "Hakobyan, Sos"]
[Black "Shakhnazarov, Oleg"]
[Result "0-1"]
[WhiteElo "1953"]
[BlackElo "2154"]
[PlyCount "86"]
[EventDate "2014.??.??"]

1. e4 e5 2. Nf3 Nc6 3. Bc4 Nf6 4. d3 Be7 5. Nc3 d6 6. h3 O-O 7. Bg5 Na5 8. Bb3
Nxb3 9. axb3 c6 10. Ne2 Qc7 11. O-O d5 12. Bxf6 Bxf6 13. Ng3 g6 14. Qe2 Bd7 15.
Rfe1 Rfe8 16. Qe3 a6 17. Qh6 Qd8 18. Re2 Bg7 19. Qd2 f6 20. Rd1 d4 21. c4 a5
22. Nh2 Qb6 23. Qc2 Be6 24. Rf1 h5 25. h4 Bh6 26. Nf3 Qb4 27. Nh2 b5 28. Ree1
a4 29. cxb5 Qxb5 30. bxa4 Rxa4 31. Ra1 Rb4 32. Rfb1 Rb8 33. Ra7 Rb3 34. Rba1
Rxb2 35. Qa4 Qxa4 36. R1xa4 Rb1+ 37. Nhf1 Rd1 38. Rc7 Rxd3 39. Ra6 Rc3 40.
Rcxc6 Rxc6 41. Rxc6 Kf7 42. Rc7+ Ke8 43. Rh7 Bf8 0-1

[Event "Mechanics' Whitehead TNM; 30/90, SD/30"]
[Site "San Francisco"]
[Date "2014.09.30"]
[Round "9.15"]
[White "Hakobyan, Sos"]
[Black "Starr, Albert"]
[Result "0-1"]
[WhiteElo "1953"]
[BlackElo "1523"]
[PlyCount "134"]
[EventDate "2014.??.??"]

1. e4 e5 2. Nf3 Nf6 3. d4 exd4 4. e5 Qe7 5. Qe2 Nd5 6. Qe4 Nb4 7. Bc4 c5 8. Ng5
d5 9. Bxd5 Nxd5 10. Qxd5 Nc6 11. O-O h6 12. Nf3 Be6 13. Qe4 O-O-O 14. a3 Bd5
15. Qe2 Qc7 16. Re1 Bxf3 17. gxf3 Be7 18. f4 Rhe8 19. Nd2 Bf8 20. Nf3 Qd7 21.
Bd2 b6 22. Reb1 Ne7 23. b4 Nd5 24. bxc5 Bxc5 25. Rb3 Qg4+ 26. Kh1 Nxf4 27. Qa6+
Kb8 28. Rg1 Qf5 29. Qc4 Ne6 30. a4 d3 31. Rxd3 Rxd3 32. Qxd3 Qxd3 33. cxd3 Bxf2
34. Rf1 Bc5 35. Bc3 Rd8 36. Rd1 g5 37. d4 Nf4 38. a5 Kc7 39. Rc1 Ne2 40. Rc2
Nxc3 41. Rxc3 Kc6 42. dxc5 bxc5 43. Kg2 Rd1 44. Kg3 Ra1 45. Kg4 Rxa5 46. Kf5
Ra4 47. Kf6 Rf4+ 48. Ke7 a5 49. Ne1 c4 50. Rf3 Kd5 51. Ra3 Kxe5 52. Rxa5+ Kd4
53. Ra6 Re4+ 54. Kxf7 Rxe1 55. Rxh6 Rg1 56. h4 gxh4 57. Rxh4+ Kc5 58. Rh5+ Kb4
59. Ke6 Rd1 60. Ke5 c3 61. Rh8 Kb3 62. Rb8+ Kc4 63. Rc8+ Kd3 64. Rd8+ Kc2 65.
Rc8 Rd3 66. Ke4 Kd2 67. Ra8 c2 0-1

[Event "Mechanics' SummerTNM; 30/90, SD/30"]
[Site "San Francisco"]
[Date "2014.07.08"]
[Round "7.7"]
[White "Hakobyan, Sos"]
[Black "Uzzaman, Ashik"]
[Result "1/2-1/2"]
[WhiteElo "1788"]
[BlackElo "2086"]
[PlyCount "70"]
[EventDate "2014.??.??"]

1. e4 c5 2. Nf3 g6 3. d4 cxd4 4. Qxd4 Nf6 5. Nc3 Nc6 6. Qa4 d6 7. e5 dxe5 8.
Nxe5 Bd7 9. Nxc6 Bxc6 10. Bb5 Qc8 11. Bxc6+ bxc6 12. O-O Bg7 13. Re1 Qb7 14.
Qb3 Qc7 15. Qc4 Rc8 16. Bf4 Qb7 17. Bd6 O-O 18. Rxe7 Qxb2 19. Rb1 Qxc2 20. Re2
Qf5 21. Bxf8 Kxf8 22. Rb7 Ng4 23. h3 Ne5 24. Qe4 Qe6 25. f4 Qc4 26. Qxc4 Nxc4
27. Ne4 Re8 28. Rc7 Bd4+ 29. Kh1 Ne3 30. Nd6 Re6 31. Rxf7+ Kg8 32. Rd7 Nf1 33.
Ne4 Rxe4 34. Rxe4 Ng3+ 35. Kh2 Nf1+ 1/2-1/2

[Event "Mechanics' Whitehead TNM; 30/90, SD/30"]
[Site "San Francisco"]
[Date "2014.09.09"]
[Round "6.16"]
[White "Handler, Andrew"]
[Black "Bayaraa, Chinguun"]
[Result "1/2-1/2"]
[WhiteElo "1652"]
[BlackElo "1857"]
[Annotator "Donaldson"]
[PlyCount "120"]
[EventDate "2014.??.??"]

1. e4 c5 2. Nc3 d6 3. f4 Nc6 4. Nf3 g6 5. Bb5 a6 6. Bxc6+ bxc6 7. d3 Bg7 8. O-O
e6 9. Qe1 Ne7 10. Kh1 a5 11. Bd2 O-O 12. f5 exf5 13. Qh4 f6 14. Bh6 Ra7 15.
Bxg7 Kxg7 16. exf5 Nxf5 17. Qf2 Re7 18. Ne4 Ref7 19. Rae1 Ba6 20. c4 Bc8 21.
Re2 Nh6 22. h3 Nf5 23. g4 Ne7 24. Qh4 Ng8 25. Ref2 h6 26. Qg3 d5 27. Nxc5 Qe7
28. d4 dxc4 29. Re1 Qd8 30. Rfe2 Qd5 31. Kh2 Kh7 32. Qf4 h5 33. gxh5 Qxh5 34.
Qh4 Qxh4 35. Nxh4 Nh6 36. Re7 g5 37. Nf3 Bf5 38. Rxf7+ Rxf7 39. Kg3 Rg7 40. Nd2
Bd3 41. Kf2 Nf5 42. Nf3 Kg6 43. Nxd3 cxd3 44. Rd1 Rd7 45. Rxd3 c5 46. d5 Ne7
47. d6 Nf5 48. Rd5 Rxd6 (48... Nxd6 49. Rxg5+ $1) 49. Rxc5 a4 50. Ra5 Rb6 51.
Rxa4 Rxb2+ 52. Kf1 Ng3+ 53. Ke1 Ne2 54. h4 Nc3 55. Rc4 Nxa2 56. hxg5 fxg5 57.
Nd2 Kh5 58. Ke2 Nb4 59. Ke3 Nd5+ 60. Kd3 Nf4+ {and eventually drawn - both
players quit keeping score at this as they were under five minutes on the
clock.} 1/2-1/2

[Event "Mechanics' SummerTNM; 30/90, SD/30"]
[Site "San Francisco"]
[Date "2014.06.24"]
[Round "5.21"]
[White "Handler, Andrew"]
[Black "Furukawa, Jon"]
[Result "1/2-1/2"]
[WhiteElo "1636"]
[BlackElo "1515"]
[Annotator "Winslow,Elliott C"]
[PlyCount "83"]
[EventDate "2014.??.??"]

1. e4 e5 2. Bc4 Nf6 3. d3 Nc6 4. Nc3 Bb4 5. Bg5 h6 6. Bxf6 Qxf6 7. Nge2 Nd4 8.
O-O Nxe2+ 9. Nxe2 O-O 10. f4 exf4 11. Nxf4 Qg5 12. c3 Be7 13. Nd5 d6 14. Nxe7+
(14. Nxc7 $4 Qc5+) 14... Qxe7 15. Qb3 Be6 16. Rf2 $6 (16. Bxe6 fxe6 17. Qxb7)
16... Bxc4 (16... c6) 17. Qxc4 d5 $4 18. Qxd5 Rad8 19. Qc4 Kh8 20. Raf1 f6 21.
d4 Rfe8 (21... Qxe4) 22. Re1 Rd6 23. Rfe2 Rc6 24. Qd3 Re6 25. e5 fxe5 26. dxe5
(26. Rxe5) 26... Qc5+ 27. Qd4 Qc6 28. Qxa7 b6 29. Qa3 Rg6 $6 {/\...Rxe5} 30. g3
$18 Rge6 31. Qb4 (31. Re4 {is somehow the best move... when} Qd5 {is met by}
32. c4 $1) 31... Qd5 {wins one of the pawns back....} 32. b3 (32. Qa4 b5 (32...
Rxe5 33. Qxe8+ Rxe8 34. Rxe8+ Kh7 35. a3) 33. Qd4 Qxa2 $16) 32... Rxe5 33. Rxe5
Rxe5 34. Rxe5 Qxe5 {White's open king makes winning difficult} 35. Qd4 Qe1+ (
35... Qe2) 36. Kg2 Qe2+ 37. Qf2 Qe4+ 38. Kh3 {... or does it?} Qe6+ 39. g4 Qd6
40. a4 $6 (40. Qd4 $5) 40... Qd3+ $11 41. Qg3 Qf1+ 42. Qg2 1/2-1/2